[Event "2nd Women Masters"]
[Site "Jiangsu Wuxi CHN"]
[Date "2012.04.14"]
[Round "5"]
[White "Tan, Zhongyi"]
[Black "Zhang, Xiaowen"]
[Result "1-0"]
[WhiteTitle "WGM"]
[BlackTitle "WGM"]
[WhiteElo "2438"]
[BlackElo "2354"]
[WhiteFideId "8603642"]
[BlackFideId "8603219"]
[EventDate "2012.04.10"]

1. d4 Nf6 2. c4 g6 3. Nc3 Bg7 4. g3 O-O 5. Bg2 d6 6. Nf3 c6 7. O-O Bf5 8. Nh4
Be6 9. d5 cxd5 10. cxd5 Bd7 11. Rb1 Na6 12. Be3 Qa5 13. a3 Rfc8 14. b4 Qd8 15.
Rc1 Nc7 16. a4 b5 17. a5 Na6 18. Na2 Rc7 19. h3 Qc8 20. Rxc7 Nxc7 21. Kh2 Qb7
22. Qd2 Rc8 23. Rc1 Ncxd5 24. Rxc8+ Bxc8 25. Bg5 e6 26. e4 h6 27. Bxh6 Bxh6 28.
Qxh6 Ne7 29. e5 Nfd5 30. exd6 Nc6 31. f4 Nd4 32. Nc3 Qd7 33. Nxd5 exd5 34. Nxg6
fxg6 35. Bxd5+ Ne6 36. Qxg6+ Kf8 37. Qf6+ Ke8 38. Bc6 1-0

[Event "2nd Women Masters"]
[Site "Jiangsu Wuxi CHN"]
[Date "2012.04.16"]
[Round "6"]
[White "Shen, Yang"]
[Black "Zhang, Xiaowen"]
[Result "0-1"]
[WhiteTitle "WGM"]
[BlackTitle "WGM"]
[WhiteElo "2440"]
[BlackElo "2354"]
[WhiteFideId "8603162"]
[BlackFideId "8603219"]
[EventDate "2012.04.10"]

1. d4 Nf6 2. c4 g6 3. Nc3 Bg7 4. e4 d6 5. Nf3 O-O 6. Be2 e5 7. O-O Nc6 8. d5 Ne7
9. b4 a5 10. Ba3 Nh5 11. c5 axb4 12. Bxb4 Nf4 13. Bb5 Bg4 14. cxd6 cxd6 15. a4
f5 16. Ra3 Rc8 17. Re1 Bh6 18. h3 Bh5 19. a5 fxe4 20. Nxe4 Rc1 21. Qa4 Nxh3+ 22.
Kf1 Bxf3 23. Rxf3 Rxe1+ 24. Kxe1 Rxf3 25. gxf3 Nf5 26. Bd7 Nf4 27. Be6+ Nxe6 28.
dxe6 Qc8 29. e7 Nxe7 30. Bxd6 Qc1+ 31. Ke2 Nc6 32. Bc5 Bf8 33. Be3 Qb2+ 34. Kf1
Qb4 35. Qa2+ Kg7 36. Ng5 Nd8 37. Qd5 Qd6 38. Qb5 Qa6 39. Qxa6 bxa6 40. Bb6 Nc6
41. Ne6+ Kf7 42. Nc7 Nb4 43. Be3 Bd6 44. Na8 Nc6 45. Bd2 Bb4 46. Ke1 Bxd2+ 47.
Kxd2 Nxa5 48. Nc7 Nb3+ 49. Kc3 Nc5 50. Kc4 h5 51. Kxc5 h4 0-1

[Event "2nd Women Masters"]
[Site "Jiangsu Wuxi CHN"]
[Date "2012.04.16"]
[Round "6"]
[White "Khotenashvili, Bela"]
[Black "Tan, Zhongyi"]
[Result "1-0"]
[WhiteTitle "IM"]
[BlackTitle "WGM"]
[WhiteElo "2490"]
[BlackElo "2438"]
[WhiteFideId "13602640"]
[BlackFideId "8603642"]
[EventDate "2012.04.10"]

1. Nf3 d5 2. c4 e6 3. g3 Nf6 4. Bg2 Be7 5. b3 O-O 6. Bb2 c5 7. O-O Nc6 8. e3 b6
9. Nc3 Bb7 10. cxd5 Nxd5 11. Nxd5 Qxd5 12. d4 Rad8 13. Ne5 Qd6 14. dxc5 Qxc5 15.
Nd7 Qf5 16. e4 Qg5 17. h4 Qh6 18. Bc1 g5 19. hxg5 Qg7 20. e5 Nb8 21. Nf6+ Bxf6
22. exf6 Rxd1 23. Rxd1 Qg6 24. Bxb7 Qf5 25. Ba3 Re8 26. Be7 Qxg5 27. Rd3 h5 28.
Rad1 Qe5 29. Rd8 Rxd8 30. Rxd8+ Kh7 31. Bd6 Qd4 32. Kg2 h4 33. gxh4 Qxf6 34.
Be4+ Kh6 35. Rxb8 e5 36. Bf8+ Kh5 37. Bb4 Kxh4 38. Rg8 Qf4 39. Be7+ f6 40. Bf3
Qf5 41. Rh8+ 1-0

[Event "2nd Women Masters"]
[Site "Jiangsu Wuxi CHN"]
[Date "2012.04.16"]
[Round "6"]
[White "Ju, Wenjun"]
[Black "Ding, Yixin"]
[Result "1/2-1/2"]
[WhiteTitle "WGM"]
[BlackTitle "WGM"]
[WhiteElo "2557"]
[BlackElo "2350"]
[WhiteFideId "8603006"]
[BlackFideId "8602972"]
[EventDate "2012.04.10"]

1. d4 Nf6 2. c4 c6 3. Nc3 d5 4. e3 g6 5. Nf3 Bg7 6. cxd5 cxd5 7. Bb5+ Bd7 8. Qb3
Bxb5 9. Qxb5+ Qd7 10. Ne5 Qxb5 11. Nxb5 Na6 12. Bd2 Ne4 13. f3 Nxd2 14. Kxd2
Bxe5 15. dxe5 Kd7 16. Rhc1 Rhc8 17. Nd4 Nb4 18. a3 Nc6 19. Nxc6 bxc6 20. Rc5 a5
21. Rac1 a4 22. R1c2 Ra6 23. f4 Rb8 24. e4 dxe4 25. R5c4 Ke6 26. Rxe4 Kd5 27.
Rec4 Rxb2 28. Rc5+ Kd4 29. Rc4+ Kd5 30. Rc5+ Kd4 1/2-1/2

[Event "2nd Women Masters"]
[Site "Jiangsu Wuxi CHN"]
[Date "2012.04.16"]
[Round "6"]
[White "Huang, Qian"]
[Black "Gu, Xiaobing"]
[Result "1-0"]
[WhiteTitle "WGM"]
[BlackTitle "WGM"]
[WhiteElo "2399"]
[BlackElo "2257"]
[WhiteFideId "8602689"]
[BlackFideId "8602611"]
[EventDate "2012.04.10"]

1. Nf3 Nf6 2. b4 d5 3. Bb2 Qd6 4. a3 Nbd7 5. d4 Nb6 6. e3 Bg4 7. Nc3 c6 8. Be2
Nfd7 9. h3 Bxf3 10. gxf3 e5 11. e4 dxe4 12. Nxe4 Qe6 13. dxe5 Nxe5 14. Qd4 Nec4
15. Bxc4 Qxc4 16. Qe5+ Qe6 17. Qxe6+ fxe6 18. O-O-O Nc4 19. Rhe1 h6 20. Ng3 Be7
21. Bxg7 Bg5+ 22. Kb1 Rh7 23. Bb2 Re7 24. Ne4 Bf4 25. Ka2 Nxb2 26. Kxb2 Kf7 27.
Nc5 Rg8 28. Re4 Bg5 29. Kb3 b6 30. Nd7 Ke8 31. Ne5 c5 32. f4 Bf6 33. Nc6 Rc7 34.
Rxe6+ Kf7 35. Rdd6 Bg7 36. bxc5 bxc5 37. Ne5+ Bxe5 38. fxe5 Rb7+ 39. Kc3 Rb1 40.
Rxh6 Re8 41. Rh7+ Kg8 42. Rxa7 Rf1 43. Rg6+ Kh8 44. Rf6 Kg8 45. e6 Re1 46. Rc7
Ra1 47. Kb2 Re1 48. Rg6+ Kh8 49. Rxc5 Kh7 50. Rg4 Kh6 51. Rc6 Kh5 52. a4 Re2 53.
a5 Rxf2 54. Rb4 Rf5 55. a6 Ra8 56. e7 Re5 57. Rb7 Re2 58. a7 Kh4 59. Rb8 1-0

[Event "2nd Women Masters"]
[Site "Jiangsu Wuxi CHN"]
[Date "2012.04.16"]
[Round "6"]
[White "Muzychuk, Mariya"]
[Black "Zhao, Xue"]
[Result "0-1"]
[WhiteTitle "IM"]
[BlackTitle "GM"]
[WhiteElo "2490"]
[BlackElo "2543"]
[WhiteFideId "14114550"]
[BlackFideId "8601283"]
[EventDate "2012.04.10"]

1. e4 e5 2. Nf3 Nc6 3. d4 exd4 4. Nxd4 Nf6 5. Nxc6 bxc6 6. e5 Qe7 7. Qe2 Nd5 8.
c4 Ba6 9. b3 g6 10. f4 d6 11. Qf2 Nf6 12. Be2 dxe5 13. Ba3 Qe6 14. O-O Bxa3 15.
Nxa3 O-O 16. fxe5 Nd7 17. Nc2 Nxe5 18. Rae1 Qe7 19. Bf3 Bb7 20. Kh1 Rfe8 21. Re2
a5 22. Nd4 Qd7 23. Be4 Re7 24. Rd2 Qe8 25. Qg3 Rd8 26. Nf3 Rxd2 27. Nxd2 Qd7 28.
Qc3 f5 29. Bf3 Qd3 30. Qxd3 Nxd3 31. Kg1 Nb4 32. a3 Nc2 33. Rc1 Nd4 34. Kf2 c5
35. Rb1 Bxf3 36. Nxf3 Re2+ 37. Kg3 Ra2 38. b4 Ne2+ 39. Kh3 Rxa3 40. bxc5 g5 41.
Rb8+ Kf7 42. Rb7 g4+ 43. Kh4 gxf3 44. Rxc7+ Kf6 45. gxf3 Rc3 46. Rc6+ Ke5 47.
Kg5 Nf4 48. Rc8 Rxc4 49. c6 Ne6+ 50. Kh5 Kf6 0-1

[Event "2nd Women Masters"]
[Site "Jiangsu Wuxi CHN"]
[Date "2012.04.17"]
[Round "7"]
[White "Zhao, Xue"]
[Black "Shen, Yang"]
[Result "1-0"]
[WhiteTitle "GM"]
[BlackTitle "WGM"]
[WhiteElo "2543"]
[BlackElo "2440"]
[WhiteFideId "8601283"]
[BlackFideId "8603162"]
[EventDate "2012.04.10"]

1. d4 d5 2. c4 c6 3. Nc3 dxc4 4. e4 b5 5. a4 b4 6. Nb1 Ba6 7. Qc2 Nf6 8. Nd2
Qxd4 9. Ngf3 Qd8 10. Bxc4 Bxc4 11. Nxc4 e6 12. O-O Be7 13. Bf4 O-O 14. Rfd1 Qc8
15. Rac1 b3 16. Qd3 Qa6 17. e5 Nd5 18. Bg5 Bb4 19. Qxb3 Nd7 20. Qc2 Rab8 21. Rd4
Rfc8 22. Rg4 Nf8 23. h4 Kh8 24. Rd1 Qb7 25. Rg3 Bc5 26. Nfd2 Be7 27. Ne4 Rd8 28.
Ned6 Bxd6 29. Bxd8 Bxe5 30. Nxe5 Rxd8 31. Qxc6 Rb8 32. Qd6 Re8 33. b4 f6 34. Nc6
Ng6 35. Nd8 Qc8 36. Nxe6 Nc3 37. Rxc3 Qxc3 38. h5 Ne5 39. Qe7 Rg8 40. b5 h6 41.
Rd8 Qe1+ 42. Kh2 Ng4+ 43. Kg3 Qxf2+ 44. Kh3 Qe3+ 45. g3 Nf2+ 46. Kg2 Qe4+ 47.
Kxf2 Qc2+ 48. Ke3 Qc1+ 49. Ke4 Qc2+ 50. Kd5 Qg2+ 51. Kc5 Qc2+ 52. Kd6 Qd3+ 53.
Kc6 Qf3+ 54. Kc7 Qxg3+ 55. Kb7 Qg2+ 1-0

[Event "2nd Women Masters"]
[Site "Jiangsu Wuxi CHN"]
[Date "2012.04.17"]
[Round "7"]
[White "Gu, Xiaobing"]
[Black "Muzychuk, Mariya"]
[Result "1/2-1/2"]
[WhiteTitle "WGM"]
[BlackTitle "IM"]
[WhiteElo "2257"]
[BlackElo "2490"]
[WhiteFideId "8602611"]
[BlackFideId "14114550"]
[EventDate "2012.04.10"]

1. e4 c5 2. Nf3 e6 3. d4 cxd4 4. Nxd4 Nf6 5. Bd3 Nc6 6. Be3 e5 7. Nf5 d5 8. exd5
Qxd5 9. f3 Nb4 10. Nc3 Nxd3+ 11. cxd3 Qa5 12. Ng3 Nd5 13. Bd2 Nxc3 14. Bxc3 Bb4
15. Qd2 Bxc3 16. bxc3 O-O 17. O-O Be6 18. f4 exf4 19. Rxf4 Rac8 20. Ne2 Rfd8 21.
a4 Rc5 22. Rb4 Qc7 23. Rf1 Bf5 24. Rd4 h6 25. Qe3 Ra5 26. Rff4 Rxd4 27. Qxd4 Qd7
28. Qb4 Re5 29. Nc1 Bxd3 30. Nxd3 Qxd3 31. h3 Qe3+ 32. Kh2 Rg5 33. Qe4 Qxc3 34.
Qe8+ Kh7 35. Qe4+ f5 36. Rxf5 Qg3+ 37. Kh1 Rxf5 38. Qxf5+ Qg6 39. Qd7 Qe4 40.
Qb5 a6 41. Qa5 Qd3 42. Kh2 Qd6+ 43. Kh1 Qd7 44. Qb4 b5 45. Qe4+ g6 46. a5 h5 47.
Qa8 Qd1+ 48. Kh2 Qd6+ 49. Kh1 Kg7 50. Qa7+ Kf6 51. Qb6 Qe6 52. Qf2+ Ke5 53. Qc5+
Ke4 54. Qc2+ Kd4 55. Qf2+ Kd5 56. Qa2+ Kd6 57. Qa3+ Kd7 58. Qc3 Qe4 59. Qg7+ Ke6
60. Qg8+ Kf6 61. Qf8+ Ke5 62. Qe7+ Kf5 63. Qf8+ Kg5 64. Qd8+ Kh6 65. Qh8+ Kg5
66. Qd8+ Kf4 67. Qd6+ Kf5 68. Qxa6 Qe1+ 69. Kh2 Qe5+ 1/2-1/2

[Event "2nd Women Masters"]
[Site "Jiangsu Wuxi CHN"]
[Date "2012.04.17"]
[Round "7"]
[White "Ding, Yixin"]
[Black "Huang, Qian"]
[Result "0-1"]
[WhiteTitle "WGM"]
[BlackTitle "WGM"]
[WhiteElo "2350"]
[BlackElo "2399"]
[WhiteFideId "8602972"]
[BlackFideId "8602689"]
[EventDate "2012.04.10"]

1. e4 g6 2. d4 Bg7 3. Nc3 d6 4. f4 c6 5. Nf3 d5 6. e5 h5 7. Be3 Nh6 8. Qd2 Bg4
9. Nh4 e6 10. g3 Bf8 11. h3 Bf5 12. a3 Nd7 13. Nf3 Be7 14. Be2 b5 15. Ng5 Ng8
16. Kf2 Bxg5 17. fxg5 Be4 18. Nxe4 dxe4 19. a4 a6 20. axb5 axb5 21. Qb4 Ne7 22.
Qd6 Nb6 23. Bd2 Nbd5 24. Qxd8+ Rxd8 25. g4 Kf8 26. c3 hxg4 27. hxg4 Rxh1 28.
Rxh1 Ra8 29. Rb1 Nc8 30. Bd1 Ncb6 31. Bb3 Nc4 32. Bxc4 bxc4 33. Re1 Ra2 34. Bc1
Nxc3 35. Ke3 Nd5+ 36. Kxe4 Nb4 37. Rf1 Nd3 38. Ke3 Ra1 39. Kd2 Nxb2 40. Kc2 Nd3
41. Rg1 Ke8 42. Be3 Ra2+ 43. Kc3 Ra3+ 44. Kd2 Nb4 45. Rc1 Nd5 46. Bf2 Ra2+ 47.
Rc2 c3+ 48. Kd1 Ra4 49. Ke2 Kd7 50. Rc1 Ra2+ 51. Kf1 Kc7 52. Be1 Ne3+ 53. Kg1
Rg2+ 54. Kh1 c2 55. Bc3 Re2 56. Kg1 Kb6 57. Ra1 Kb5 58. Bb2 Rg2+ 59. Kh1 Rd2 60.
Bc1 Rd1+ 61. Kh2 Nf1+ 62. Kg2 Nd2 0-1

[Event "2nd Women Masters"]
[Site "Jiangsu Wuxi CHN"]
[Date "2012.04.17"]
[Round "7"]
[White "Tan, Zhongyi"]
[Black "Ju, Wenjun"]
[Result "1-0"]
[WhiteTitle "WGM"]
[BlackTitle "WGM"]
[WhiteElo "2438"]
[BlackElo "2557"]
[WhiteFideId "8603642"]
[BlackFideId "8603006"]
[EventDate "2012.04.10"]

1. d4 Nf6 2. c4 g6 3. Nc3 Bg7 4. g3 O-O 5. Bg2 c5 6. Nf3 cxd4 7. Nxd4 Nc6 8. O-O
Qb6 9. Nc2 d6 10. b3 Be6 11. Rb1 Rac8 12. h3 a6 13. e4 Qa5 14. Bd2 Rfe8 15. a4
Qd8 16. Nd5 Bd7 17. Be3 Nxd5 18. exd5 Nb8 19. Nd4 a5 20. g4 Na6 21. f4 f5 22.
gxf5 gxf5 23. Ne2 Kh8 24. Ng3 e5 25. dxe6 Rxe6 26. Bd4 Bxd4+ 27. Qxd4+ Qf6 28.
Qxf6+ Rxf6 29. Bxb7 Rg8 30. Kh2 Nc5 31. Bd5 Rb8 32. Rg1 Rff8 33. Ne2 Rxb3 34.
Rxb3 Nxb3 35. Nc3 Nc5 36. Nb5 Nxa4 37. Nxd6 h6 38. Re1 Nb6 39. Re7 Nxd5 40. cxd5
Ba4 41. Ra7 Rf6 42. Nc4 Kg8 43. d6 Bb5 44. d7 Bxd7 45. Rxd7 Ra6 46. Rd6 Rxd6 47.
Nxd6 a4 48. Nxf5 a3 49. Nd4 a2 50. Nc2 Kg7 51. Kg3 Kg6 52. Kf3 Kf5 53. Ke3 Ke6
54. Ke4 Kf6 55. f5 Kf7 56. Ke5 Ke7 57. f6+ Kf8 58. Ke6 Ke8 59. f7+ Kf8 60. Na1 1-0

[Event "2nd Women Masters"]
[Site "Jiangsu Wuxi CHN"]
[Date "2012.04.17"]
[Round "7"]
[White "Zhang, Xiaowen"]
[Black "Khotenashvili, Bela"]
[Result "1/2-1/2"]
[WhiteTitle "WGM"]
[BlackTitle "IM"]
[WhiteElo "2354"]
[BlackElo "2490"]
[WhiteFideId "8603219"]
[BlackFideId "13602640"]
[EventDate "2012.04.10"]

1. e4 c6 2. d4 d5 3. e5 Bf5 4. Be3 e6 5. Nd2 Nd7 6. Ngf3 Ne7 7. Be2 Bg6 8. Nh4
Nc8 9. Nxg6 hxg6 10. Nf3 Ne7 11. c3 Nf5 12. Bf4 Be7 13. Qd2 a6 14. O-O Nf8 15.
g3 Nd7 16. Kg2 c5 17. h4 cxd4 18. cxd4 Nb8 19. Rh1 Nc6 20. a3 Qb6 21. Rad1 Kd7
22. b4 Rac8 23. Bg5 Bxg5 24. Qxg5 Nd8 25. g4 Ne7 26. Qd2 Ndc6 27. Rc1 f6 28. Rc5
fxe5 29. dxe5 Na7 30. Rhc1 Rxc5 31. Rxc5 Rc8 32. Rxc8 Naxc8 33. Qc3 Nc6 34. Bd3
N8e7 35. Bc2 Qb5 36. Bd3 Qb6 37. Bc2 Qb5 38. Bd3 Qb6 39. Kg3 a5 40. b5 Nd8 41.
a4 Qc7 42. Qxc7+ Kxc7 43. Nd4 b6 44. f4 1/2-1/2

[Event "2nd Women Masters"]
[Site "Jiangsu Wuxi CHN"]
[Date "2012.04.18"]
[Round "8"]
[White "Shen, Yang"]
[Black "Khotenashvili, Bela"]
[Result "1/2-1/2"]
[WhiteTitle "WGM"]
[BlackTitle "IM"]
[WhiteElo "2440"]
[BlackElo "2490"]
[WhiteFideId "8603162"]
[BlackFideId "13602640"]
[EventDate "2012.04.10"]

1. d4 d5 2. Nf3 Nf6 3. c4 e6 4. Nc3 Bb4 5. Bg5 h6 6. Bxf6 Qxf6 7. Qb3 c5 8. cxd5
exd5 9. a3 Bxc3+ 10. Qxc3 b6 11. e3 O-O 12. Be2 Nd7 13. O-O Bb7 14. b3 Rfc8 15.
Rfd1 Nf8 16. Rac1 Ne6 17. Qa1 cxd4 18. Nxd4 Nxd4 19. Qxd4 Qxd4 20. exd4 Rxc1 21.
Rxc1 Rc8 22. Rxc8+ Bxc8 23. h4 g5 24. hxg5 hxg5 25. Bf3 Be6 26. Kf1 Kf8 27. Ke1
Ke7 28. Kd2 Kd6 29. Kc3 Bd7 30. g3 f6 31. Be2 Be8 1/2-1/2

[Event "2nd Women Masters"]
[Site "Jiangsu Wuxi CHN"]
[Date "2012.04.18"]
[Round "8"]
[White "Ju, Wenjun"]
[Black "Zhang, Xiaowen"]
[Result "1/2-1/2"]
[WhiteTitle "WGM"]
[BlackTitle "WGM"]
[WhiteElo "2557"]
[BlackElo "2354"]
[WhiteFideId "8603006"]
[BlackFideId "8603219"]
[EventDate "2012.04.10"]

1. d4 Nf6 2. c4 g6 3. Nc3 Bg7 4. g3 O-O 5. Bg2 d6 6. Nf3 c6 7. O-O Bf5 8. Qb3
Qb6 9. Re1 d5 10. c5 Qxb3 11. axb3 Na6 12. Ra4 Bc2 13. Ra3 Bf5 14. Bf4 Nh5 15.
Rea1 Nxf4 16. gxf4 Rae8 17. e3 f6 18. Bf1 Bc8 19. Bxa6 bxa6 20. Na2 e5 21. Nb4
Bb7 22. Nxa6 exf4 23. exf4 Re4 24. Nb4 Rxf4 25. Rxa7 Rb8 26. Kg2 Rg4+ 27. Kf1
Rf4 28. Re1 Bf8 29. Re3 Bxc5 30. dxc5 Rxb4 31. Re7 Rxb3 32. Nd4 Rxb2 33. Ne6 Rb4
34. Rd7 Re8 35. Nd8 Bc8 36. Rg7+ Kh8 37. Rxh7+ Kg8 38. Rhg7+ Kh8 39. Rh7+ Kg8 1/2-1/2

[Event "2nd Women Masters"]
[Site "Jiangsu Wuxi CHN"]
[Date "2012.04.18"]
[Round "8"]
[White "Muzychuk, Mariya"]
[Black "Ding, Yixin"]
[Result "1/2-1/2"]
[WhiteTitle "IM"]
[BlackTitle "WGM"]
[WhiteElo "2490"]
[BlackElo "2350"]
[WhiteFideId "14114550"]
[BlackFideId "8602972"]
[EventDate "2012.04.10"]

1. d4 Nf6 2. c4 g6 3. Nc3 d5 4. cxd5 Nxd5 5. Bd2 Bg7 6. e4 Nb6 7. Be3 O-O 8. h3
f5 9. exf5 Bxf5 10. Qb3+ Kh8 11. g4 Bd7 12. Bg2 Nc6 13. O-O-O Na5 14. Qc2 Nac4
15. Qe2 c5 16. dxc5 Nxb2 17. Qxb2 Na4 18. Nxa4 Bxb2+ 19. Nxb2 Qc7 20. Ne2 Bc6
21. Bxc6 Qxc6 22. Rhe1 b6 23. Nd4 Qxc5+ 24. Kb1 Rac8 25. Ne6 Qc2+ 26. Ka1 Rxf2
27. Bxf2 Qxf2 28. g5 Kg8 29. Nd3 Qg3 30. Ndf4 Qc3+ 31. Kb1 Qc2+ 32. Ka1 Qc3+ 33.
Kb1 Qc2+ 1/2-1/2

[Event "2nd Women Masters"]
[Site "Jiangsu Wuxi CHN"]
[Date "2012.04.18"]
[Round "8"]
[White "Zhao, Xue"]
[Black "Gu, Xiaobing"]
[Result "0-1"]
[WhiteTitle "GM"]
[BlackTitle "WGM"]
[WhiteElo "2543"]
[BlackElo "2257"]
[WhiteFideId "8601283"]
[BlackFideId "8602611"]
[EventDate "2012.04.10"]

1. d4 Nf6 2. c4 g6 3. Nc3 Bg7 4. e4 d6 5. f3 O-O 6. Be3 c6 7. Qd2 a6 8. a4 Nbd7
9. Bd3 e5 10. d5 cxd5 11. cxd5 Nc5 12. Bc4 a5 13. Nge2 Nfd7 14. Nb5 Nb6 15. Bxc5
dxc5 16. Qc3 Bd7 17. b3 Bxb5 18. Bxb5 Nxd5 19. exd5 e4 20. Qc1 exf3 21. gxf3
Bxa1 22. Qxa1 Qxd5 23. Qc3 Qg5 24. Ng3 Rad8 25. O-O b6 26. f4 Qg4 27. Kg2 Rd4
28. h3 Qe6 29. Ne2 Re4 30. Kf2 Re8 31. Qb2 Rd8 32. Qc3 h5 33. Rc1 Qe7 34. Rc2
Rd6 35. Bc4 Rd8 36. Qg3 Qf6 37. Qc3 Qd6 38. Kg2 Rde8 39. Rd2 Qe7 40. Qd3 Kh7 41.
Qd5 Qf6 42. Qg5 Rxf4 43. Qxf6 Rxf6 44. Nc3 Re5 45. Rf2 Rxf2+ 46. Kxf2 Kh6 47.
Nb5 f5 48. Nd6 Re7 49. Nf7+ Kg7 50. Ng5 Kf6 51. h4 Ke5 52. Kf3 Rd7 53. Ke3 f4+
54. Ke2 Kd4 55. Kf3 Ke5 56. Ne6 Rd6 57. Ng5 Kf5 58. Ba6 Rd1 59. Nh3 Rc1 60. Bd3+
Ke5 61. Nxf4 Rc3 62. Nxg6+ Kd4 63. Nf4 Rxd3+ 64. Nxd3 Kxd3 65. Kf4 Kc3 66. Kg5
Kxb3 0-1

[Event "2nd Women Masters"]
[Site "Jiangsu Wuxi CHN"]
[Date "2012.04.19"]
[Round "9"]
[White "Gu, Xiaobing"]
[Black "Shen, Yang"]
[Result "1/2-1/2"]
[WhiteTitle "WGM"]
[BlackTitle "WGM"]
[WhiteElo "2257"]
[BlackElo "2440"]
[WhiteFideId "8602611"]
[BlackFideId "8603162"]
[EventDate "2012.04.10"]

1. e4 e5 2. Nf3 Nc6 3. d4 exd4 4. Nxd4 Bc5 5. Nxc6 Qf6 6. Qd2 dxc6 7. Nc3 Ne7 8.
Qf4 Qxf4 9. Bxf4 Bd6 10. Bxd6 cxd6 11. O-O-O Kd7 12. b3 Kc7 13. Kb2 Be6 14. Be2
Rad8 15. Rd2 d5 16. exd5 Nxd5 17. Nxd5+ Rxd5 18. Rxd5 Bxd5 19. f3 Re8 20. Bd3 h6
21. Rd1 g5 22. c4 Be6 23. Re1 Bd7 24. Rxe8 Bxe8 25. Kc3 Kd6 26. Kd4 c5+ 27. Ke3
Ke5 28. Be4 b6 29. g3 f5 30. f4+ gxf4+ 31. gxf4+ Kf6 32. Bf3 1/2-1/2

[Event "2nd Women Masters"]
[Site "Jiangsu Wuxi CHN"]
[Date "2012.04.19"]
[Round "9"]
[White "Ding, Yixin"]
[Black "Zhao, Xue"]
[Result "0-1"]
[WhiteTitle "WGM"]
[BlackTitle "GM"]
[WhiteElo "2350"]
[BlackElo "2543"]
[WhiteFideId "8602972"]
[BlackFideId "8601283"]
[EventDate "2012.04.10"]

1. e4 e5 2. Nc3 Nc6 3. g3 Bc5 4. Bg2 a6 5. Nge2 d6 6. h3 Be6 7. Nd5 h5 8. c3 Ba7
9. d4 Nce7 10. Qd3 c6 11. Nxe7 Qxe7 12. Be3 Rd8 13. O-O Nh6 14. Rad1 Bb6 15. c4
O-O 16. Nc3 f5 17. d5 Bxe3 18. Qxe3 f4 19. Qf3 Bg4 20. hxg4 hxg4 21. Qd3 f3 22.
dxc6 bxc6 23. c5 fxg2 24. Kxg2 dxc5 25. Qxa6 Qe6 26. Qa5 Rb8 27. b3 c4 28. bxc4
Nf7 29. Qc5 Qf6 30. Rd3 Ng5 31. Qe3 Rb2 32. a4 Qh6 33. Qc1 Qh3+ 34. Kg1 Nf3+ 0-1

[Event "2nd Women Masters"]
[Site "Jiangsu Wuxi CHN"]
[Date "2012.04.19"]
[Round "9"]
[White "Tan, Zhongyi"]
[Black "Muzychuk, Mariya"]
[Result "1/2-1/2"]
[WhiteTitle "WGM"]
[BlackTitle "IM"]
[WhiteElo "2438"]
[BlackElo "2490"]
[WhiteFideId "8603642"]
[BlackFideId "14114550"]
[EventDate "2012.04.10"]

1. d4 d5 2. c4 c6 3. Nf3 Nf6 4. Nc3 e6 5. Bg5 h6 6. Bxf6 Qxf6 7. e3 Nd7 8. Bd3
dxc4 9. Bxc4 g6 10. O-O Bg7 11. Rc1 O-O 12. e4 e5 13. d5 Nb6 14. Bb3 Bg4 15. h3
Bxf3 16. Qxf3 Qxf3 17. gxf3 Rfd8 18. Rfd1 Bf8 19. dxc6 bxc6 20. Rxd8 Rxd8 21.
Nd1 c5 22. Ne3 Rd2 23. Ng4 Nd7 24. Ne3 Nb6 25. Kf1 Rxb2 26. Ke1 c4 27. Nxc4 Bb4+
28. Kf1 Nxc4 29. Rxc4 Ba5 30. Rc2 Rxc2 31. Bxc2 1/2-1/2

[Event "2nd Women Masters"]
[Site "Jiangsu Wuxi CHN"]
[Date "2012.04.19"]
[Round "9"]
[White "Zhang, Xiaowen"]
[Black "Huang, Qian"]
[Result "1/2-1/2"]
[WhiteTitle "WGM"]
[BlackTitle "WGM"]
[WhiteElo "2354"]
[BlackElo "2399"]
[WhiteFideId "8603219"]
[BlackFideId "8602689"]
[EventDate "2012.04.10"]

1. e4 g6 2. d4 Bg7 3. Nc3 d6 4. Nf3 a6 5. a4 b6 6. Bd3 Bb7 7. O-O Nd7 8. Ne2 e5
9. c3 Ngf6 10. Ng3 O-O 11. Re1 Re8 12. Bc2 h6 13. h3 c5 14. dxe5 Nxe5 15. Nxe5
dxe5 16. Qxd8 Raxd8 17. Be3 Bf8 18. Red1 Kg7 19. f3 Bc6 20. Kf2 Be7 21. Ke2 a5
22. Rxd8 Rxd8 23. Rd1 Rxd1 24. Kxd1 Bd8 25. b3 Ne8 26. Nf1 Nd6 27. Nd2 Bd7 28.
Bd3 Be6 29. Kc2 Bc7 30. Bf2 f6 31. Bg3 g5 32. Bh2 1/2-1/2

[Event "2nd Women Masters"]
[Site "Jiangsu Wuxi CHN"]
[Date "2012.04.19"]
[Round "9"]
[White "Khotenashvili, Bela"]
[Black "Ju, Wenjun"]
[Result "1/2-1/2"]
[WhiteTitle "IM"]
[BlackTitle "WGM"]
[WhiteElo "2490"]
[BlackElo "2557"]
[WhiteFideId "13602640"]
[BlackFideId "8603006"]
[EventDate "2012.04.10"]

1. d4 Nf6 2. c4 g6 3. Nf3 Bg7 4. g3 O-O 5. Bg2 d6 6. Nc3 Nbd7 7. O-O e5 8. h3 c6
9. e4 Qb6 10. d5 cxd5 11. cxd5 Nc5 12. Nd2 Bd7 13. Nb3 Na4 14. Nxa4 Bxa4 15. Be3
Qb5 16. Re1 Rfc8 17. Kh2 Rc7 18. Bf1 Qe8 19. Bd3 Nd7 20. Qd2 b6 21. Rac1 Rxc1
22. Rxc1 Rc8 23. Rxc8 Qxc8 24. Qb4 Bxb3 25. axb3 Nc5 26. Qc4 a5 27. Bxc5 Qxc5
28. Kg2 Bh6 29. Qxc5 bxc5 30. Kf3 Bc1 31. Ke2 Bxb2 32. Bc2 Kg7 33. Bd3 Kf6 34.
Kf3 Bd4 35. Bb5 Ke7 36. Bd3 Kd8 37. Ke2 Kc7 38. Bc4 Kb6 39. f3 Kc7 40. Bb5 Kd8
41. f4 exf4 42. gxf4 f6 43. Kf3 Kc7 44. Bd3 Kb6 45. Ke2 Bg1 46. Bc4 Bh2 47. Kf3
g5 48. fxg5 fxg5 49. Kg4 h6 50. Kf5 a4 51. bxa4 Ka5 52. Bb3 Kb4 53. Bd1 c4 54.
Kg6 Bf4 55. Kf5 c3 56. h4 Kc4 57. hxg5 hxg5 58. Bc2 Kc5 59. Kg4 Kb4 60. Bd1 Kc4
61. Bc2 Be3 62. Kf3 Bb6 63. Kg4 Bd8 64. Kf5 Kc5 65. e5 Kxd5 66. exd6 Kxd6 67. a5
Kc6 68. a6 Kb6 69. Bd3 Be7 70. Kg4 Bd8 71. Kf5 Be7 72. Kg4 Bd8 73. Kf5 Be7 74.
Kg4 Bd8 75. Kf5 Be7 76. Kg4 Bd8 1/2-1/2